[Event "Lindores Abbey Tal Mem"]
[Site "Riga LAT"]
[Date "2021.11.08"]
[Round "13.10"]
[White "Parham Maghsoodloo"]
[Black "Nodirbek Abdusattorov"]
[Result "0-1"]
[EventDate "?"]
[WhiteElo "2706"]
[BlackElo "2646"]
[PlyCount "86"]

1. e4 e6 2. d3 d5 3. Nf3 Nf6 4. Nbd2 c5 5. g3 Nc6 6. Bg2 Be7 7. O-O O-O 8. Re1 b5 9. e5 Nd7 10. c4 bxc4 11. dxc4 Nb6 12. cxd5 exd5 13. h4 Be6 14. Nf1 d4 15. Bg5 h6 16. Bxe7 Qxe7 17. N1d2 Rfd8 18. b3 Nd5 19. Ne4 Bg4 20. Rc1 Nxe5 21. Rxc5 Nc3 22. Rxe5 Qxe5 23. Nxe5 Bxd1 24. Nc5 Rac8 25. Nc6 Rxc6 26. Bxc6 d3 27. Nxd3 Rxd3 28. Re8+ Kh7 29. Re7 Rd6 30. Ba8 a6 31. Rxf7 Nxa2 32. Be4+ Kg8 33. Rb7 Nc3 34. Bg2 Kf8 35. Bf1 Be2 36. Bg2 Bb5 37. Bf3 Rd3 38. Bh5 Bc6 39. Rf7+ Kg8 40. Rc7 Bf3 41. Bf7+ Kf8 42. Kh2 Rd1 43. g4 Ne4 0-1

[Event "Lindores Abbey Tal Mem"]
[Site "Riga LAT"]
[Date "2021.11.08"]
[Round "16.5"]
[White "Levon Aronian"]
[Black "Nodirbek Abdusattorov"]
[Result "1-0"]
[EventDate "?"]
[WhiteElo "2782"]
[BlackElo "2646"]
[PlyCount "74"]

1. e4 e6 2. d4 d5 3. Nc3 Nf6 4. Bg5 h6 5. Bxf6 Qxf6 6. exd5 Bb4 7. Bc4 exd5 8. Bxd5 O-O 9. Ne2 Rd8 10. O-O Bxc3 11. Nxc3 Nc6 12. Bxc6 bxc6 13. Ne4 Qxd4 14. c3 Qxd1 15. Rfxd1 Bf5 16. Nc5 Rd5 17. Rxd5 cxd5 18. f3 Kf8 19. Rd1 c6 20. Rd4 a5 21. Ra4 Bc2 22. b3 Ke7 23. Kf2 Ra7 24. Ke3 Bb1 25. b4 Kd6 26. Kd4 Re7 27. Rxa5 Re2 28. Ra7 Rd2+ 29. Ke3 Rxg2 30. Rd7+ Ke5 31. Rxf7 g5 32. a4 Rxh2 33. Re7+ Kf6 34. Re6+ Kf5 35. Rxc6 Rc2 36. Ne6 Ke5 37. Nd4 1-0

[Event "Lindores Abbey Tal Mem"]
[Site "Riga LAT"]
[Date "2021.11.08"]
[Round "17.12"]
[White "Mateusz Bartel"]
[Black "Nodirbek Abdusattorov"]
[Result "0-1"]
[EventDate "?"]
[WhiteElo "2619"]
[BlackElo "2646"]
[PlyCount "46"]

1. e4 c6 2. Nf3 d5 3. d3 g6 4. e5 Bg7 5. d4 Bg4 6. Nbd2 c5 7. c3 Nc6 8. h3 Bxf3 9. Nxf3 cxd4 10. cxd4 f6 11. Qb3 fxe5 12. dxe5 Rb8 13. Bf4 Nh6 14. e6 Rc8 15. Rd1 O-O 16. Rxd5 Rxf4 17. Rxd8+ Rxd8 18. Be2 Rb4 19. Qe3 Nf5 20. Qc5 Rxb2 21. Kf1 Rb1+ 22. Ne1 Rd2 23. Bf3 Bd4 0-1

[Event "4th Sharjah Masters 2021"]
[Site "Sharjah UAE"]
[Date "2021.09.25"]
[Round "9.4"]
[White "AR Saleh Salem"]
[Black "Nodirbek Abdusattorov"]
[Result "1-0"]
[EventDate "?"]
[WhiteElo "2679"]
[BlackElo "2648"]
[PlyCount "60"]

1. d4 d5 2. c4 e6 3. Nc3 c5 4. cxd5 cxd4 5. Qa4+ Bd7 6. Qxd4 exd5 7. Nf3 Nf6 8. e3 Nc6 9. Qd3 Bg4 10. Be2 Bd6 11. O-O O-O 12. Rd1 Qe7 13. h3 Bxf3 14. Bxf3 Rad8 15. Nxd5 Nxd5 16. Bxd5 Nb4 17. Qc4 b5 18. Qxb5 Qe5 19. f4 Qh5 20. Rd2 Rb8 21. Qc4 Rfc8 22. Qe4 Bc5 23. Kh2 Bxe3 24. g4 Qg6 25. Qxe3 Nc2 26. Qe5 Nxa1 27. b3 Nc2 28. Be4 Ne1 29. Bb2 f6 30. Qe6+ 1-0

[Event "4th Sharjah Masters 2021"]
[Site "Sharjah UAE"]
[Date "2021.09.24"]
[Round "8.4"]
[White "Nodirbek Abdusattorov"]
[Black "Nodirbek Yakubboev"]
[Result "1/2-1/2"]
[EventDate "?"]
[WhiteElo "2648"]
[BlackElo "2604"]
[PlyCount "60"]

1. c4 Nf6 2. Nc3 g6 3. e4 d6 4. d4 Bg7 5. Be2 O-O 6. Be3 c5 7. d5 e6 8. Nf3 exd5 9. cxd5 Bg4 10. Nd2 Bxe2 11. Qxe2 Re8 12. O-O Na6 13. Kh1 Nc7 14. a4 Nd7 15. f4 f5 16. g4 fxg4 17. e5 dxe5 18. f5 Nf6 19. Rad1 gxf5 20. Rxf5 Qd7 21. Rxf6 Bxf6 22. Nde4 Bg7 23. Nxc5 Qf5 24. d6 Ne6 25. Nxe6 Rxe6 26. Rf1 Qg6 27. Qc4 Kh8 28. Ne4 Rxd6 29. Nxd6 Qxd6 30. Qxg4 Qd5+ 1/2-1/2

[Event "4th Sharjah Masters 2021"]
[Site "Sharjah UAE"]
[Date "2021.09.22"]
[Round "6.9"]
[White "Nodirbek Abdusattorov"]
[Black "Hans Moke Niemann"]
[Result "1-0"]
[EventDate "?"]
[WhiteElo "2648"]
[BlackElo "2609"]
[PlyCount "90"]

1. c4 e5 2. Nc3 Nf6 3. Nf3 Nc6 4. e4 Bb4 5. d3 d6 6. a3 Bxc3+ 7. bxc3 Nd7 8. g3 Nc5 9. Nh4 Qf6 10. Bg2 Bg4 11. Qxg4 Nxd3+ 12. Kd2 Nxf2 13. Qf5 Qxf5 14. Nxf5 Nxh1 15. Nxg7+ Kf8 16. Nh5 Na5 17. Rb1 Nxg3 18. hxg3 Nxc4+ 19. Kd3 Nb6 20. Bh3 h6 21. Be3 Rb8 22. c4 c5 23. Rf1 Rg8 24. Bxh6+ Ke7 25. Ng7 f6 26. g4 Nd7 27. g5 b5 28. cxb5 Rxb5 29. Kc4 Rb6 30. g6 Ra6 31. Kb3 c4+ 32. Ka2 Nc5 33. Nf5+ Kd8 34. g7 Nxe4 35. Bg2 d5 36. Ne3 Nc3+ 37. Kb2 d4 38. Nd5 Nxd5 39. Bxd5 c3+ 40. Kc2 Rxg7 41. Bxg7 Ke7 42. Rb1 Kd6 43. Rb5 Ke7 44. Rb7+ Kd6 45. Bc4 1-0

[Event "4th Sharjah Masters 2021"]
[Site "Sharjah UAE"]
[Date "2021.09.21"]
[Round "5.9"]
[White "Emre Can"]
[Black "Nodirbek Abdusattorov"]
[Result "1/2-1/2"]
[EventDate "?"]
[WhiteElo "2577"]
[BlackElo "2648"]
[PlyCount "154"]

1. d4 Nf6 2. c4 e6 3. Nf3 d5 4. g3 dxc4 5. Bg2 c6 6. a4 c5 7. O-O Nc6 8. dxc5 Bxc5 9. Qxd8+ Kxd8 10. Nbd2 Nd5 11. Nxc4 f6 12. Bd2 Ke7 13. Rfc1 b6 14. a5 Bd7 15. e3 Rhc8 16. Ne1 Nxa5 17. Nxa5 bxa5 18. e4 Nb6 19. e5 Nd5 20. exf6+ gxf6 21. Bxd5 exd5 22. Rxa5 Bd4 23. Bb4+ Ke8 24. Rd1 Bxb2 25. Nd3 Bc3 26. Bxc3 Rxc3 27. Nf4 d4 28. Nd5 Rc6 29. Rxd4 Kf7 30. Rd1 Bc8 31. Re1 Be6 32. Nb4 Rc7 33. Na6 Re7 34. Rh5 Rh8 35. Ra1 Bg4 36. Rh4 Bf3 37. Rf4 Bb7 38. f3 Rc8 39. Ra2 Rc3 40. Kf2 Rd7 41. g4 Rdd3 42. Nb4 Rxf3+ 43. Rxf3 Rxf3+ 44. Ke2 Rb3 45. Nd3 a6 46. Nc5 Rh3 47. Kf1 Bd5 48. Rd2 Bc4+ 49. Kg2 Re3 50. Rd4 Bb5 51. Kf2 Rh3 52. Rd6 Rxh2+ 53. Kg3 Rc2 54. Nxa6 Rc3+ 55. Kf4 Bc6 56. g5 Rc4+ 57. Ke3 fxg5 58. Nc7 h5 59. Rh6 h4 60. Kd3 Kg7 61. Rd6 Rc1 62. Kd2 Rc4 63. Kd3 Rc1 64. Kd2 Rg1 65. Rxc6 g4 66. Ne6+ Kf6 67. Nf4+ Ke5 68. Ne2 Rf1 69. Rh6 h3 70. Rh5+ Kf6 71. Ke3 Kg6 72. Rh8 Kg5 73. Rg8+ Kh4 74. Rh8+ Kg5 75. Rg8+ Kh4 76. Rh8+ Kg5 77. Ke4 1/2-1/2

[Event "4th Sharjah Masters 2021"]
[Site "Sharjah UAE"]
[Date "2021.09.20"]
[Round "4.17"]
[White "Nodirbek Abdusattorov"]
[Black "Burak Firat"]
[Result "1-0"]
[EventDate "?"]
[WhiteElo "2648"]
[BlackElo "2466"]
[PlyCount "50"]

1. c4 c6 2. d4 d5 3. cxd5 cxd5 4. Bf4 Nf6 5. Nc3 Nc6 6. e3 a6 7. Be2 e6 8. Nf3 Bd6 9. Ne5 Bxe5 10. Bxe5 Nxe5 11. dxe5 Ne4 12. Nxe4 dxe4 13. Qa4+ Bd7 14. Qxe4 Bc6 15. Qf4 O-O 16. f3 Qa5+ 17. Kf2 Rad8 18. a4 Rd2 19. b4 Qd5 20. Rhd1 Rxd1 21. Rxd1 Qa2 22. Qd4 Bxa4 23. Rd2 Qb1 24. Qc5 Bc6 25. Bd3 1-0

[Event "4th Sharjah Masters 2021"]
[Site "Sharjah UAE"]
[Date "2021.09.19"]
[Round "3.10"]
[White "Abhijeet Gupta"]
[Black "Nodirbek Abdusattorov"]
[Result "1-0"]
[EventDate "?"]
[WhiteElo "2612"]
[BlackElo "2648"]
[PlyCount "134"]

1. d4 Nf6 2. c4 c5 3. d5 e6 4. Nc3 exd5 5. cxd5 d6 6. e4 g6 7. f3 Bg7 8. Nge2 h5 9. Bg5 a6 10. a4 Nbd7 11. Qd2 Qc7 12. Nc1 h4 13. Be2 h3 14. gxh3 c4 15. h4 Rb8 16. a5 O-O 17. Be3 Ne5 18. Rg1 Qd7 19. f4 Neg4 20. Ba7 Ra8 21. Bd4 Qe7 22. Bxg4 Nxg4 23. Bxg7 Qxh4+ 24. Rg3 Nxh2 25. Qg2 Kxg7 26. N1e2 Bg4 27. O-O-O Rh8 28. Rh1 Bxe2 29. Nxe2 Rh5 30. Kb1 Rah8 31. Rc1 Rc8 32. Rcc3 Rc5 33. Rh3 Qe1+ 34. Rc1 Qd2 35. Rxh5 c3 36. Rc2 Qd1+ 37. Nc1 Nf1 38. Rh2 Qe1 39. b4 Rc4 40. Qh1 Rxb4+ 41. Ka2 Rb2+ 42. Rxb2 cxb2 43. Kxb2 Qb4+ 44. Nb3 Nxh2 45. Qxh2 Qxe4 46. Qd2 Kf6 47. Kc3 Kf5 48. Nd4+ Kg4 49. Ne2 Qa4 50. Kd3 Qb5+ 51. Ke3 Qc5+ 52. Qd4 Qa3+ 53. Qc3 Qa2 54. Qd4 Qb3+ 55. Kf2 Qf3+ 56. Ke1 Qh1+ 57. Kd2 f5 58. Qd3 Qg2 59. Kc3 Qf2 60. Kd2 Qg2 61. Qb3 g5 62. Qxb7 Qe4 63. fxg5 f4 64. Qd7+ Kxg5 65. Qxd6 f3 66. Qg3+ Kf5 67. Qxf3+ 1-0

[Event "4th Sharjah Masters 2021"]
[Site "Sharjah UAE"]
[Date "2021.09.18"]
[Round "2.17"]
[White "Nodirbek Abdusattorov"]
[Black "Al Hosani, Omran"]
[Result "1-0"]
[EventDate "?"]
[WhiteElo "2648"]
[BlackElo "2173"]
[PlyCount "88"]

1. e4 c6 2. d4 d5 3. e5 Bf5 4. h4 h5 5. c4 e6 6. Nc3 Nd7 7. Nge2 Be7 8. Ng3 Bg6 9. Be2 Bxh4 10. Nxh5 Bxh5 11. Bxh5 g6 12. Be2 Bf6 13. Rxh8 Bxh8 14. cxd5 exd5 15. Be3 Qa5 16. Rb1 Ne7 17. b4 Qc7 18. f4 f6 19. Rc1 fxe5 20. dxe5 Nxe5 21. Nxd5 Nxd5 22. Qxd5 Nf7 23. Qe6+ Qe7 24. Rxc6 Bc3+ 25. Kf2 bxc6 26. Qxc6+ Kf8 27. Qxa8+ Kg7 28. Qxa7 Qxb4 29. Bd1 Qb2+ 30. Kf3 Qa1 31. Bb3 Qf1+ 32. Kg3 Qe1+ 33. Bf2 Qe8 34. a4 g5 35. Bd4+ Bxd4 36. Qxd4+ Kf8 37. Qc5+ Kg7 38. Qc3+ Kf8 39. fxg5 Qb8+ 40. Kh3 Nxg5+ 41. Kg4 Nf7 42. Qf3 Qc8+ 43. Kh5 Qc5+ 44. Bd5 1-0

[Event "4th Sharjah Masters 2021"]
[Site "Sharjah UAE"]
[Date "2021.09.17"]
[Round "1.10"]
[White "Cristhian Camilo Rios"]
[Black "Nodirbek Abdusattorov"]
[Result "1/2-1/2"]
[EventDate "?"]
[WhiteElo "2466"]
[BlackElo "2648"]
[PlyCount "102"]

1. d4 d5 2. c4 e6 3. Nc3 a6 4. e3 Nf6 5. Nf3 dxc4 6. Bxc4 b5 7. Bd3 Bb7 8. O-O Nbd7 9. Qe2 c5 10. Rd1 Qb8 11. h3 Bd6 12. Bc2 O-O 13. a3 Rc8 14. dxc5 Bxc5 15. e4 Nf8 16. e5 Bxf3 17. gxf3 N6d7 18. f4 Nb6 19. Be3 Ng6 20. Bxg6 hxg6 21. Bxc5 Rxc5 22. Ne4 Rc7 23. Qg4 Nd5 24. Ng5 Ne7 25. Rd3 Qc8 26. Rad1 Rc1 27. Rxc1 Qxc1+ 28. Rd1 Qc8 29. Qh4 Nf5 30. Qh7+ Kf8 31. Rd7 Qxd7 32. Qh8+ Ke7 33. Qxa8 f6 34. Ne4 Qc7 35. exf6+ gxf6 36. Qh8 Qc1+ 37. Kg2 Qxb2 38. Qh7+ Kf8 39. Qh8+ Kf7 40. Qh7+ Ng7 41. Nd6+ Ke7 42. Nc8+ Kd7 43. Qxg7+ Kxc8 44. Qxg6 Kd7 45. Qg7+ Kd6 46. h4 Qe2 47. Qxf6 Qg4+ 48. Kf1 Qd1+ 49. Kg2 Qg4+ 50. Kf1 Qd1+ 51. Kg2 1/2-1/2

[Event "Tolstoy Mem 2021"]
[Site "Yasnaya Polyana RUS"]
[Date "2021.09.12"]
[Round "6.5"]
[White "Nikita Vitiugov"]
[Black "Nodirbek Abdusattorov"]
[Result "0-1"]
[EventDate "2021.09.11"]
[WhiteElo "2727"]
[BlackElo "2648"]
[PlyCount "62"]

1. e4 c5 2. Nf3 d6 3. d4 cxd4 4. Nxd4 Nf6 5. Nc3 g6 6. g3 Nc6 7. Nxc6 bxc6 8. Bg2 Qc7 9. b3 Bg7 10. Bb2 Ba6 11. Ne2 O-O 12. O-O d5 13. exd5 cxd5 14. Re1 e5 15. Nc3 d4 16. Na4 Rad8 17. Qd2 Rfe8 18. c3 d3 19. c4 Bb7 20. Rad1 Bxg2 21. Kxg2 Qc6+ 22. Kg1 e4 23. h3 e3 24. Rxe3 Ne4 25. Qa5 Nxf2 26. Kxf2 Bxb2 27. Nxb2 Qf6+ 28. Rf3 Re2+ 29. Kg1 Qxf3 30. Qxd8+ Kg7 31. Qd4+ f6 0-1

[Event "Tolstoy Mem 2021"]
[Site "Yasnaya Polyana RUS"]
[Date "2021.09.12"]
[Round "7.1"]
[White "Nodirbek Abdusattorov"]
[Black "Maxim Matlakov"]
[Result "1-0"]
[EventDate "2021.09.11"]
[WhiteElo "2648"]
[BlackElo "2683"]
[PlyCount "126"]

1. c4 e5 2. Nc3 Bb4 3. Nd5 Be7 4. Nf3 d6 5. e4 Nf6 6. Nxe7 Qxe7 7. d3 Bg4 8. Be2 Nc6 9. O-O O-O 10. Be3 a5 11. Nh4 Bxe2 12. Qxe2 g6 13. g3 Nh5 14. Nf5 Qe6 15. Bh6 Rfe8 16. Rae1 Kh8 17. Nh4 b5 18. b3 a4 19. Be3 axb3 20. axb3 bxc4 21. bxc4 Nf6 22. f4 exf4 23. Bxf4 Nd7 24. Bc1 f6 25. Bb2 Kg8 26. Ng2 Ra2 27. Nf4 Qf7 28. Ra1 Rea8 29. Nd5 Nce5 30. Nxc7 R8a5 31. Nd5 Qe6 32. Rxa2 Rxa2 33. Ra1 Rxa1+ 34. Bxa1 h5 35. Bc3 Kh7 36. Nf4 Qe8 37. Bb4 Qb8 38. Nd5 Kg7 39. Kg2 Nc6 40. Bc3 Nce5 41. d4 Nf7 42. Nf4 Qb3 43. Be1 Ng5 44. h4 Nf7 45. g4 hxg4 46. Qxg4 Nf8 47. Nh5+ Kh8 48. Qc8 Qc2+ 49. Kg1 Kg8 50. Nxf6+ Kg7 51. Ne8+ Kg8 52. Bf2 Kh7 53. Qc7 Qc1+ 54. Kg2 Qf4 55. Nxd6 Qg4+ 56. Kf1 Qd1+ 57. Be1 Qf3+ 58. Kg1 Qg4+ 59. Kf2 Qxh4+ 60. Ke2 Qh2+ 61. Bf2 Qxd6 62. Qxf7+ Kh8 63. d5 1-0

[Event "Tolstoy Mem 2021"]
[Site "Yasnaya Polyana RUS"]
[Date "2021.09.12"]
[Round "8.5"]
[White "Nodirbek Abdusattorov"]
[Black "Dmitry Andreikin"]
[Result "1/2-1/2"]
[EventDate "2021.09.11"]
[WhiteElo "2648"]
[BlackElo "2728"]
[PlyCount "70"]

1. c4 e6 2. Nc3 d5 3. d4 Be7 4. cxd5 exd5 5. Bf4 c6 6. e3 Bf5 7. g4 Be6 8. Bd3 Nd7 9. h4 Qb6 10. Rb1 h6 11. Bf5 Bxf5 12. gxf5 Ngf6 13. Nf3 Ne4 14. Kf1 Qa6+ 15. Qe2 Qxe2+ 16. Kxe2 Ndf6 17. h5 Nd6 18. Bxd6 Bxd6 19. b4 a6 20. Ne5 O-O 21. f3 Rfe8 22. Nd3 Re7 23. Kf2 Rae8 24. Rbe1 Kh7 25. Re2 Bc7 26. Nc5 Bd6 27. Nd3 Bc7 28. a4 a5 29. b5 Bd6 30. b6 Nd7 31. Rb1 Nf6 32. Rh1 Nd7 33. Rb1 Nf6 34. Rh1 Nd7 35. Rb1 1/2-1/2

[Event "Tolstoy Mem 2021"]
[Site "Yasnaya Polyana RUS"]
[Date "2021.09.11"]
[Round "1.4"]
[White "Nodirbek Abdusattorov"]
[Black "David Paravyan"]
[Result "1-0"]
[EventDate "2021.09.11"]
[WhiteElo "2648"]
[BlackElo "2660"]
[PlyCount "80"]

1. d4 f5 2. Nc3 Nf6 3. Bg5 d5 4. Bxf6 exf6 5. e3 Be6 6. Bd3 Nc6 7. Nge2 Qd7 8. a3 g6 9. h4 Bd6 10. Nb5 O-O-O 11. Nxd6+ Qxd6 12. Qd2 Kb8 13. O-O-O Rhe8 14. h5 g5 15. h6 Ne7 16. Ng3 Qd7 17. Nh5 Rf8 18. f3 Nc8 19. Ng7 Nd6 20. Kb1 Bf7 21. c3 Bg6 22. Qc2 Rf7 23. Rdg1 Re7 24. g4 Rxe3 25. gxf5 Rxd3 26. fxg6 Nc4 27. Rh2 Qb5 28. Ka2 Ne3 29. Qb3 Qxb3+ 30. Kxb3 hxg6 31. h7 Rh8 32. Ne8 Nf5 33. Nxf6 Nxd4+ 34. Ka2 Nxf3 35. Rh3 c6 36. Rgg3 g4 37. Nxg4 Ne1 38. Nf6 Rd2 39. Rxg6 Kc7 40. Rg8 1-0

[Event "Tolstoy Mem 2021"]
[Site "Yasnaya Polyana RUS"]
[Date "2021.09.11"]
[Round "2.3"]
[White "Anton Korobov"]
[Black "Nodirbek Abdusattorov"]
[Result "1/2-1/2"]
[EventDate "2021.09.11"]
[WhiteElo "2685"]
[BlackElo "2648"]
[PlyCount "162"]

1. d4 Nf6 2. c4 c5 3. d5 e6 4. Nc3 exd5 5. cxd5 d6 6. Nf3 g6 7. Nd2 Bg7 8. e4 O-O 9. Be2 Na6 10. O-O Nc7 11. a4 a6 12. Rb1 Re8 13. b4 Nd7 14. Qc2 cxb4 15. Rxb4 Nc5 16. Bb2 a5 17. Rb6 N7a6 18. Nc4 Nb4 19. Qb1 Ra6 20. Rxa6 bxa6 21. Rd1 Bxc3 22. Bxc3 Nxe4 23. Ba1 Nc3 24. Bxc3 Rxe2 25. Bd4 Bf5 26. Qc1 Rc2 27. Qh6 Qf8 28. Qxf8+ Kxf8 29. Nxd6 Bd7 30. Ne4 Nxd5 31. Nf6 Nxf6 32. Bxf6 Bxa4 33. g4 Rc8 34. Rd8+ Rxd8 35. Bxd8 Bd1 36. g5 a4 37. Kg2 Ke8 38. Bf6 Kd7 39. Kg3 Ke6 40. Kf4 h6 41. h4 a3 42. Bg7 h5 43. Bf8 a2 44. Bg7 Ba4 45. Ba1 Bc6 46. Bh8 a5 47. Ba1 a4 48. Bh8 a3 49. Ba1 Bb7 50. Bf6 Bc6 51. Ba1 Be8 52. Bf6 Kd5 53. Ke3 Kc4 54. Kd2 Kb3 55. Kc1 Bc6 56. Ba1 Bf3 57. Bf6 Bb7 58. Ba1 Bd5 59. Bf6 Bf3 60. Ba1 f5 61. gxf6 Bd5 62. Kd2 Bf7 63. f4 Kc4 64. Ke3 Kd5 65. Kd3 Be8 66. Ke3 Ke6 67. Ke4 Ba4 68. Ke3 Bc2 69. Bc3 Bb3 70. Ke4 Bd5+ 71. Kd4 Kxf6 72. Kxd5+ Kf5 73. Be5 a1=Q 74. Bxa1 Kxf4 75. Kc4 a2 76. Kd3 Kg4 77. Bf6 Kf5 78. Ba1 Kg4 79. Bf6 a1=Q 80. Bxa1 Kxh4 81. Ke3 1/2-1/2

[Event "Tolstoy Mem 2021"]
[Site "Yasnaya Polyana RUS"]
[Date "2021.09.11"]
[Round "3.3"]
[White "Nodirbek Abdusattorov"]
[Black "Boris Gelfand"]
[Result "0-1"]
[EventDate "2021.09.11"]
[WhiteElo "2648"]
[BlackElo "2680"]
[PlyCount "132"]

1. d4 Nf6 2. c4 e6 3. Nc3 Bb4 4. Qc2 O-O 5. Nf3 d5 6. Bg5 h6 7. Bxf6 Qxf6 8. a3 Bxc3+ 9. Qxc3 dxc4 10. Qxc4 Nc6 11. Rd1 Re8 12. Qc3 e5 13. d5 Nb8 14. e3 Bg4 15. Be2 Nd7 16. O-O Bxf3 17. gxf3 Qd6 18. Rc1 Rac8 19. Qa5 a6 20. Rfd1 Nf6 21. Bf1 Re7 22. Rc4 Rd8 23. Qc5 Qxc5 24. Rxc5 Red7 25. Bh3 Rxd5 26. Rcxd5 Rxd5 27. Rxd5 Nxd5 28. Bc8 a5 29. Bxb7 Nb6 30. Kf1 Nc4 31. b4 axb4 32. axb4 Kf8 33. Ke2 Ke7 34. f4 exf4 35. exf4 Ke6 36. Kd3 Nd6 37. Bg2 Ke7 38. Bd5 Ne8 39. Kd4 Nf6 40. Bf3 Kd6 41. h4 Nd7 42. b5 Nf8 43. f5 Nd7 44. Bd5 f6 45. f4 Nc5 46. Bg8 Nd7 47. Bf7 Nc5 48. Be8 Nb3+ 49. Kc3 Nc1 50. Kd2 Na2 51. Ke3 Kc5 52. Kf3 Nc3 53. Kg4 Nxb5 54. Kh5 Nd4 55. Kg6 Kd6 56. Kxg7 Ke7 57. Bg6 h5 58. Bh7 c5 59. Bg8 Ne2 60. Bc4 Nxf4 61. Bf1 Nd5 62. Be2 Ne3 63. Kg6 c4 64. Kxh5 c3 65. Bd3 Kf7 66. Kh6 c2 0-1

[Event "Tolstoy Mem 2021"]
[Site "Yasnaya Polyana RUS"]
[Date "2021.09.11"]
[Round "4.4"]
[White "Kirill Alekseenko"]
[Black "Nodirbek Abdusattorov"]
[Result "0-1"]
[EventDate "2021.09.11"]
[WhiteElo "2693"]
[BlackElo "2648"]
[PlyCount "110"]

1. e4 e5 2. Nf3 Nc6 3. Bc4 Bc5 4. c3 Nf6 5. d3 a6 6. O-O Ba7 7. a4 d6 8. a5 h6 9. Be3 O-O 10. Nbd2 Ne7 11. Bxa7 Rxa7 12. Re1 Ng6 13. d4 Qe7 14. Qb3 Nh5 15. Nf1 Bg4 16. N3d2 Nhf4 17. Ne3 Qg5 18. g3 Be6 19. Qd1 exd4 20. cxd4 Nh3+ 21. Kg2 Nh4+ 22. Kf1 Bxc4+ 23. Ndxc4 f5 24. gxh4 fxe4 25. Qc2 Qxh4 26. Re2 Raa8 27. Ng2 Qg4 28. Ra3 Rf3 29. Nce3 Qg6 30. Nd5 Qf7 31. Ne7+ Kh8 32. Nh4 Rxa3 33. bxa3 d5 34. Qxc7 Kh7 35. Qe5 Nf4 36. Rc2 Rf8 37. Nef5 Nd3 38. Qg3 Qf6 39. Rc7 Rf7 40. Rxf7 Qxf7 41. Ne3 g6 42. f3 Nf4 43. Nhg2 Ne6 44. Nxd5 Nxd4 45. Nge3 h5 46. f4 Qe6 47. Kg2 Nf3 48. f5 gxf5 49. Qc7+ Kh6 50. Nf4 Qa2+ 51. Nc2 Qxc2+ 52. Qxc2 Ne1+ 53. Kg3 Nxc2 54. Ne6 Nxa3 55. Nc5 Kg5 0-1

[Event "Tolstoy Mem 2021"]
[Site "Yasnaya Polyana RUS"]
[Date "2021.09.11"]
[Round "5.2"]
[White "Nodirbek Abdusattorov"]
[Black "Anish Giri"]
[Result "0-1"]
[EventDate "2021.09.11"]
[WhiteElo "2648"]
[BlackElo "2777"]
[PlyCount "78"]

1. d4 Nf6 2. c4 g6 3. Nc3 d5 4. cxd5 Nxd5 5. Bd2 c5 6. dxc5 Bg7 7. Rc1 O-O 8. Nf3 Nc6 9. e3 Ndb4 10. a3 Nd3+ 11. Bxd3 Qxd3 12. Qe2 Bf5 13. e4 Qxe2+ 14. Kxe2 Bg4 15. Be3 f5 16. h3 Bxf3+ 17. gxf3 f4 18. Bd2 Nd4+ 19. Kd3 Rad8 20. Rcd1 Nxf3+ 21. Kc2 Nd4+ 22. Kb1 Nb3 23. Bc1 Nxc5 24. Rxd8 Rxd8 25. Bxf4 Bxc3 26. bxc3 Nxe4 27. Kc2 Nxf2 28. Re1 Nxh3 29. Bh6 Re8 30. Rd1 g5 31. Rd3 Nf4 32. Re3 Kf7 33. Bxg5 e5 34. c4 h5 35. Kd2 b6 36. Re1 Re6 37. Rf1 Rd6+ 38. Ke3 Rd3+ 39. Ke4 Ke6 0-1

[Event "14th Agzamov Mem 2021"]
[Site "Tashkent UZB"]
[Date "2021.08.22"]
[Round "9.3"]
[White "Marat Dzhumaev"]
[Black "Nodirbek Abdusattorov"]
[Result "0-1"]
[EventDate "?"]
[WhiteElo "2433"]
[BlackElo "2634"]
[PlyCount "76"]

1. d4 e6 2. c4 b6 3. e4 Bb7 4. Nc3 Bb4 5. Qc2 Qh4 6. Bd3 Bxc3+ 7. bxc3 f5 8. d5 fxe4 9. Bxe4 Nf6 10. Bd3 Qg4 11. Ne2 Na6 12. O-O Nc5 13. h3 Qh4 14. Bf4 O-O-O 15. Bg3 Qg5 16. a4 exd5 17. a5 Nxd3 18. axb6 axb6 19. Qxd3 dxc4 20. Qxc4 Qc5 21. Qf4 Nh5 22. Qg4 Rde8 23. Rfd1 Qc6 24. Nf4 Nf6 25. Qg5 g6 26. c4 Ne4 27. Qg4 h5 28. Qf3 Rhf8 29. h4 Kb8 30. Bh2 Qc5 31. Rxd7 Nf6 32. Rxc7 Qxc7 33. Qg3 Kc8 34. Qxg6 Ng4 35. Bg3 Qc6 36. Qxh5 Rxf4 37. f3 Rxc4 38. Qf5+ Qd7 0-1

[Event "14th Agzamov Mem 2021"]
[Site "Tashkent UZB"]
[Date "2021.08.21"]
[Round "8.2"]
[White "Nodirbek Abdusattorov"]
[Black "Jakhongir Vakhidov"]
[Result "0-1"]
[EventDate "?"]
[WhiteElo "2634"]
[BlackElo "2534"]
[PlyCount "90"]

1. Nf3 g6 2. d4 Nf6 3. Nbd2 d5 4. e3 Bg7 5. b4 a5 6. b5 c5 7. bxc6 Nxc6 8. a4 O-O 9. Ba3 Bf5 10. c3 Qc7 11. Rc1 Rfc8 12. Bb5 Rab8 13. c4 Nb4 14. Bxb4 axb4 15. c5 Ne4 16. Nxe4 Bxe4 17. O-O e5 18. Nxe5 Bxe5 19. dxe5 Qxe5 20. Qb3 Qe7 21. Qxb4 b6 22. Rc3 bxc5 23. Qa3 Rc7 24. f3 Bf5 25. Rfc1 h5 26. h3 Rd8 27. Rd1 Be6 28. Rcd3 Qg5 29. Kh1 c4 30. Qc3 Qg3 31. Rd4 Bxh3 32. gxh3 Qxh3+ 33. Kg1 Qg3+ 34. Kf1 Qxf3+ 35. Kg1 Qg3+ 36. Kf1 Qf3+ 37. Kg1 Qg3+ 38. Kf1 Re7 39. Qd2 Rxe3 40. Qg2 Qe5 41. Qf2 Rh3 42. Qg2 Qe3 43. R4d2 Rg3 44. Qh2 Qf3+ 45. Ke1 Rh3 0-1

[Event "14th Agzamov Mem 2021"]
[Site "Tashkent UZB"]
[Date "2021.08.20"]
[Round "7.3"]
[White "Mikheil Mchedlishvili"]
[Black "Nodirbek Abdusattorov"]
[Result "1/2-1/2"]
[EventDate "?"]
[WhiteElo "2570"]
[BlackElo "2634"]
[PlyCount "90"]

1. e4 c5 2. Nf3 e6 3. d4 cxd4 4. Nxd4 Nf6 5. Nc3 Nc6 6. Nxc6 bxc6 7. e5 Nd5 8. Ne4 Qc7 9. f4 Qb6 10. c4 Ne3 11. Qd3 Bb4+ 12. Bd2 Ba6 13. b3 O-O 14. Bxb4 Qxb4+ 15. Kf2 Nd5 16. g3 Qb6+ 17. Kg2 f6 18. exf6 Nxf6 19. Be2 e5 20. Rhf1 exf4 21. Rxf4 Nxe4 22. Qxe4 Rxf4 23. gxf4 d5 24. Qe6+ Kh8 25. Re1 dxc4 26. Bxc4 Bxc4 27. Qxc4 Qa5 28. Re2 Qh5 29. h3 Rd8 30. Kh2 h6 31. Qe4 Qf7 32. Kg3 c5 33. Re3 Qf6 34. Rd3 Rf8 35. Rf3 Qa1 36. Rf2 Qg1+ 37. Rg2 Qc1 38. Re2 Rf6 39. Rf2 Rd6 40. Kh2 Rd4 41. Qe8+ Kh7 42. Qe5 Kh8 43. Qe8+ Kh7 44. Qe5 Kh8 45. Qe8+ 1/2-1/2

[Event "14th Agzamov Mem 2021"]
[Site "Tashkent UZB"]
[Date "2021.08.19"]
[Round "6.1"]
[White "Nodirbek Abdusattorov"]
[Black "Nodirbek Yakubboev"]
[Result "1/2-1/2"]
[EventDate "?"]
[WhiteElo "2634"]
[BlackElo "2598"]
[PlyCount "36"]

1. d4 Nf6 2. c4 e6 3. Nc3 Bb4 4. Qc2 d5 5. cxd5 Qxd5 6. Nf3 Qf5 7. Qb3 Nc6 8. Bd2 O-O 9. h3 a5 10. g4 Qg6 11. a3 Bxc3 12. bxc3 Ne4 13. Bf4 e5 14. dxe5 Be6 15. Qxb7 Bd5 16. Qb1 Nxc3 17. Qxg6 fxg6 18. Bd2 1/2-1/2

[Event "14th Agzamov Mem 2021"]
[Site "Tashkent UZB"]
[Date "2021.08.19"]
[Round "5.1"]
[White "Shant Sargsyan"]
[Black "Nodirbek Abdusattorov"]
[Result "1/2-1/2"]
[EventDate "?"]
[WhiteElo "2626"]
[BlackElo "2634"]
[PlyCount "42"]

1. d4 e6 2. c4 d5 3. Nf3 a6 4. g3 dxc4 5. Bg2 b5 6. Ne5 c6 7. a4 Bb7 8. O-O Nf6 9. axb5 axb5 10. Rxa8 Bxa8 11. Nc3 Be7 12. Nxb5 cxb5 13. Bxa8 O-O 14. Bg2 Bd6 15. Bg5 h6 16. Bxf6 Qxf6 17. f4 Qd8 18. e3 Na6 19. Qh5 Nc7 20. Nc6 Qe8 21. Kf2 Kh7 1/2-1/2

[Event "14th Agzamov Mem 2021"]
[Site "Tashkent UZB"]
[Date "2021.08.18"]
[Round "4.1"]
[White "Nodirbek Abdusattorov"]
[Black "Tigran K Harutyunian"]
[Result "1-0"]
[EventDate "?"]
[WhiteElo "2634"]
[BlackElo "2564"]
[PlyCount "104"]

1. d4 Nf6 2. c4 e6 3. Nc3 Bb4 4. Qc2 O-O 5. Nf3 d5 6. Bg5 h6 7. Bxf6 Qxf6 8. a3 Bxc3+ 9. Qxc3 c6 10. e3 Nd7 11. Be2 dxc4 12. Bxc4 c5 13. Rc1 cxd4 14. Qxd4 Qxd4 15. Nxd4 Nb6 16. Bb5 a6 17. Bd3 Bd7 18. Be4 Rac8 19. Ke2 Rxc1 20. Rxc1 Rc8 21. Kd1 Rxc1+ 22. Kxc1 Bc8 23. Kc2 Kf8 24. Nb3 Nc4 25. Kc3 Nd6 26. Bd3 b6 27. Kd4 Ke7 28. Nd2 Bb7 29. e4 Kd7 30. g4 f6 31. e5 fxe5+ 32. Kxe5 Nf7+ 33. Kf4 g5+ 34. Ke3 Ne5 35. Be2 Ng6 36. Kd4 e5+ 37. Ke3 Nf4 38. Nc4 Nd5+ 39. Kd2 e4 40. Ne3 Ne7 41. Kc3 Ke6 42. Kd4 Nc6+ 43. Kxe4 Ne5+ 44. Kd4 Nf3+ 45. Bxf3 Bxf3 46. h3 h5 47. gxh5 Bxh5 48. Nd5 b5 49. Nc7+ Kd6 50. Nxa6 Bf3 51. Nc5 Bg2 52. Ne4+ 1-0